<?xml version="1.0" encoding="UTF-8"?>
<marc:record xmlns:marc="http://www.loc.gov/MARC21/slim">
   <marc:leader>00000nam a2200000 a 4500</marc:leader>
   <marc:datafield ind1="1" ind2=" " tag="100">
      <marc:subfield code="a">Parvela, Timo</marc:subfield>
      <marc:subfield code="4">aut</marc:subfield>
      <marc:subfield code="e">Verfasser/-in</marc:subfield>
   </marc:datafield>
   <marc:datafield ind1=" " ind2=" " tag="653">
      <marc:subfield code="a">Schulgeschichte</marc:subfield>
   </marc:datafield>
   <marc:datafield ind1=" " ind2=" " tag="653">
      <marc:subfield code="a">Schule</marc:subfield>
   </marc:datafield>
   <marc:datafield ind1="0" ind2="0" tag="245">
      <marc:subfield code="a">Ella in der zweiten Klasse</marc:subfield>
   </marc:datafield>
   <marc:datafield ind1="0" ind2="0" tag="245">
      <marc:subfield code="c">Parvela, Timo</marc:subfield>
   </marc:datafield>
   <marc:datafield ind1=" " ind2="1" tag="264">
      <marc:subfield code="c">2008</marc:subfield>
   </marc:datafield>
   <marc:datafield ind1="1" ind2=" " tag="490">
      <marc:subfield code="a">Ella</marc:subfield>
   </marc:datafield>
   <marc:datafield ind1="1" ind2=" " tag="520">
      <marc:subfield code="a">Die lustigsten Sachen passieren immer in der Schule, darum gehen Ella und ihre Freunde auch in der zweiten Klasse noch gern hin. Lustig ist zum Beispiel, dass der Lehrer mit ihnen für die Schülerolympiade Sackhüpfen trainiert und sogar mit der Direktorin um die Wette hüpft. Gewonnen hätte die Direktorin, wenn sie nicht die Gießkanne vor der Rosenhecke beim Eingangstor übersehen hätte. Dabei hatte sie die selber dort abgestellt. Zum Glück ist ihr nichts wirklich Schlimmes passiert. Höchstens zwei Wochen, sagt die Schulkrankenschwester, dann ist alles wieder heil. Der zweite Band von Ella - ein Buch für die Schultüte.Anu Stohner, geb. 1952 in Helsinki, lebt als freie Übersetzerin und Autorin in Heidelberg. Als Übersetzerin aus dem Finnischen wurde sie u.a. mit dem Hans Christian Andersen-Preis und dem Finnischen Staatspreis ausgezeichnet. Sie übersetzt außerdem aus dem Schwedischen und Englischen.</marc:subfield>
   </marc:datafield>
   <marc:datafield ind1=" " ind2=" " tag="020">
      <marc:subfield code="a">9783446231108</marc:subfield>
      <marc:subfield code="9">9783446231108</marc:subfield>
   </marc:datafield>
   <marc:datafield ind1=" " ind2=" " tag="020">
      <marc:subfield code="a">3446231102</marc:subfield>
      <marc:subfield code="9">3446231102</marc:subfield>
   </marc:datafield>
   <marc:datafield ind1=" " ind2=" " tag="041">
      <marc:subfield code="a">ger</marc:subfield>
   </marc:datafield>
   <marc:datafield ind1=" " ind2=" " tag="338">
      <marc:subfield code="a">Band</marc:subfield>
   </marc:datafield>
   <marc:datafield ind1=" " ind2=" " tag="300">
      <marc:subfield code="a">155 Seiten</marc:subfield>
   </marc:datafield>
</marc:record>
